000 00483nam a22001577a 4500
020 _a978-93-85916-09-0
082 _a823
_bSUD/R
100 _aSUDIP N
245 _aFAIRY TALES
_bTHE FROG PRINCE; JACK AND THE BEANSTALK, THE BRAVE LITTLE TAILOR
_cFAIRY TALES
246 _aFAIRY TALES
_bTHE FROG PRINCE; JACK AND THE BEANSTALK, THE BRAVE LITTLE TAILOR
260 _aTHRISSUR
_bH & C PUBLISHING HOUSE
300 _a144
520 _aSHORT STORY
650 _aSHORT STORY
942 _cBK
999 _c3360
_d3360